| 000 | 00688nam a22002177a 4500 | ||
|---|---|---|---|
| 999 |
_c14938 _d14938 |
||
| 003 | AR-CdUCM | ||
| 008 | 190425b ||||| |||| 00| 0 spa d | ||
| 020 | _a84-241-1818-9 | ||
| 040 |
_aMUNICIPALIDAD PROVINCIAL DEL CUSCO _cBIBLIOTECA MUNICIPAL DEL CUSCO |
||
| 082 |
_22 ed. _aPI /376.1 / _bC88 |
||
| 100 |
_aCruz-Contarini, Rafael _933917 |
||
| 245 | _aDe la A a las Z con Cristóbal Colón / | ||
| 260 |
_aEspaña : _bEdit. Everest, _c2006. |
||
| 300 |
_bIlustraciones, _c20 cm. |
||
| 440 |
_aMontaña Encantada _933918 |
||
| 650 |
_aTexto infantil _929090 |
||
| 650 |
_aCuento _94671 |
||
| 856 | _fRaquel Lopez Verela ( editor) | ||
| 942 |
_2ddc _cLIBROS |
||
| 945 |
_apjha _d2019-04-25 |
||